| 000 | 00000nam 2200000za 4500 |
| 001 | 9.830366 |
| 003 | CaOODSP |
| 005 | 20221107145519 |
| 007 | cr ||||||||||| |
| 008 | 170111s1921 onc #of f000 0 fre d |
| 040 | |aCaOODSP|bfre |
| 041 | |aeng|afre |
| 043 | |an-cn--- |
| 086 | 1 |aCS98-1921I-PDF|z98-1921I |
| 245 | 00|aSixth census of Canada, 1921, instructions to commissioners and enumerators |h[ressource électronique]. |
| 246 | 3 |aInstructions aux commissaires et énumérateurs |
| 260 | |aOttawa : |bDominion Bureau of Statistics,|c1921.|f(Government Printing Bureau) |
| 300 | |a109 p. |
| 500 | |aTitre de depart. addit., p. 57: Instructions aux commissaires et énumérateurs. |
| 500 | |a"Approved by Order in Council, February 23, 1921". |
| 500 | |aPublication historique numérisée de l'imprimé [par Statistique Canada]. |
| 520 | 0 |aComprend les instructions aux commissionaires et énumérateurs, et Appendice « Extraits de la Loi de la statistique, 8-9 George 5, chapitre 43, 1918 ». |
| 546 | |aTexte en anglais et en français. Texte en français suit le texte anglais. |
| 692 | 07|2gccst|aRecensement |
| 692 | 07|2gccst|aManuel |
| 710 | 1 |aCanada. |bBureau fédéral de la statistique. |
| 791 | |tSixth census of Canada, 1921, instructions to commissioners and enumerators |eeng|w(CaOODSP)9.830365 |
| 794 | |tSeventh census of Canada 1931, instructions to commissioners and enumerators |w(CaOODSP)9.832323 |
| 856 | 40|qPDF|s4.55 Mo|uhttps://publications.gc.ca/collections/collection_2017/statcan/CS98-1921I.pdf |